• 首页
  • 本馆介绍
  • 公告通知
  • 最新文献
  • 馆藏检索
  • 电子资源
  • 读者导购
  • 参考咨询
  • 我的图书馆
  • 登录
  • 详细信息显示
  • 放入我的书架
  • 预约/预借图书
  • 作者相关作品
  • 分类相关作品
  • 丛书相关作品
  • 出版社相关作品

书目信息

  • 表格格式
  • 工作单格式
  • 卡片格式
题名:
建筑消防与监督管理
    
 
作者: 王竟萱 , 李星頔 主编
分册:  
出版信息: 长春   吉林科学技术出版社  2022.08
页数: 409页
开本: 26cm
丛书名:
单 册:
中图分类: TU998.1
科图分类:
主题词: 建筑物--jian zhu wu--消防--监督管理
电子资源:
ISBN: 978-7-5578-9381-1
000 00998nam0 2200253 450
001 CAL 012022036550
005 20230217093112.0
010    @a978-7-5578-9381-1@dCNY58.00
100    @a20221020d2022 em y0chiy0120 ea
101 0  @achi
102    @aCN@b220000
105    @aa a 000yy
106    @ar
200 1  @a建筑消防与监督管理@Ajian zhu xiao fang yu jian du guan li@f王竟萱, 李星頔主编
210    @a长春@c吉林科学技术出版社@d2022.08
215    @a409页@c图@d26cm
320    @a有书目 (第408-409页)
330    @a本书从建筑防火的基础认知入手, 展开建筑材料的基本知识, 随后展开介绍消防的一些知识要点, 并详细讲解了不同地方、不同环境的防火控制措施。全书从宏观上阐述了我国建筑防火研究的必要性、迫切性和实施方向 ; 与此同时, 也从微观上提出了建筑防火研究的具体内容。
606 0  @a建筑物@Ajian zhu wu@x消防@x监督管理
690    @aTU998.1@v5
701  0 @a王竟萱@Awang jing xuan@4主编
701  0 @a李星頔@Ali xing di@4主编
801  0 @aCN@bBJXHZP@c20230228
905    @b1386328-31@dTU998.1@e2151@f4
    
    建筑消防与监督管理/王竟萱, 李星頔主编.-长春:吉林科学技术出版社,2022.08
    409页:图;26cm
    
    
    ISBN 978-7-5578-9381-1:CNY58.00
    本书从建筑防火的基础认知入手, 展开建筑材料的基本知识, 随后展开介绍消防的一些知识要点, 并详细讲解了不同地方、不同环境的防火控制措施。全书从宏观上阐述了我国建筑防火研究的必要性、迫切性和实施方向 ; 与此同时, 也从微观上提出了建筑防火研究的具体内容。
●
相关链接 在E读中查询图书 在五车中查询图书 在当当中查询图书 在豆瓣中查询图书


正题名:建筑消防与监督管理     索取号:TU998.1/2151         预约/预借

序号 登录号 条形码 馆藏地/架位号 状态 备注
1 1386328   213863283   第二样本阅览室/ [索取号:TU998.1/2151] 在馆    
2 1386329   213863292   第三借阅区/ [索取号:TU998.1/2151] 在馆    
3 1386330   213863309   第三借阅区/ [索取号:TU998.1/2151] 在馆    
4 1386331   213863318   第三借阅区/ [索取号:TU998.1/2151] 在馆    
唐山师范学院图书馆 欢迎您!
大连网信软件有限公司© 版权所有